000 00732cam a2200265 i 4500
999 _c130479
_d130479
001 2781295
003 ARRUPE
005 20200911123901.0
008 800605s1980 sa 000 1 eng
010 _a 80478467
015 _aSA***
020 _a094993772X
040 _aDLC
_cDLC
_dDLC
050 0 0 _aPR9369.3 F8 T75
_aPR9369.3.F18
082 0 0 _a823
100 1 _aFugard, Athol.
_910795
245 1 0 _aTsotsi /
_cAthol Fugard.
260 _aJohannesburg :
_bAd. Donker,
_c1980.
300 _a168 p. ;
_c23 cm.
650 0 _aCriminals
_xFiction.
_949799
650 0 _aInfants
_xFiction.
_949800
651 0 _aSouth Africa
_xFiction.
_913082
906 _a7
_bcbc
_corignew
_d4
_encip
_f19
_gy-gencatlg
942 _2lcc
_cMONOGRAPH